gminy powiatu piaseczyńskiego - Statystyki

Ogólne statystyki
  • Ten quiz został rozwiązany 189 razy
  • Średni wynik to 5 z 6
Odpowiedzi na mapie
Odpowiedzi zakodowano w zielono-czerwonej skali na mapie do tego quizu, zgodnie z poniższymi procentami.
 
Statystyki odpowiedzi
Gmina Odpowiedź % Poprawnych
miejsko-wiejska Piaseczno
99%
miejsko-wiejska Konstancin-Jeziorna
83%
miejsko-wiejska Góra Kalwaria
82%
wiejska Lesznowola
79%
miejsko-wiejska Tarczyn
70%
wiejska Prażmów
64%
Nie znaleziono quizów pasujących do podanych kryteriów
Rozkład punktacji
Procent ludzi z każdym wynikiem
Percentyl według liczby udzielonych odpowiedzi
Twoja historia wyników
Nie rozwiązałeś tego quizu